000 00523nam a2200193Ia 4500
005 20250923144452.0
008 008 250917s9999 xx 000 0 eng d
037 _aReports
040 _aDSWL
_beng
_cDSWL
041 _aeng
_2eng
084 _qDSWL
245 0 _aReport organisation of community centres 1951
_cby 2nd National Seminar 1951
260 _aDelhi
_bIndia Adult Education Association
_c1952
300 _aiv,97p.
365 _aINR
_b28
925 _g28
942 _cREP
999 _c1439262
_d1439262